00437nam a2200133 a 4500001000500000005001700005008004100022050002200063100002500085245003700110260003700147999001900184952010000203414320140414131905.0090223s19uu xx 00 eng d aM 822.3bSh1 1969 aShakespeare, William aThe tragedy of Romeo and Juliet. aNew York :bScholastic ,c1969. c110882d110882 001040aMUbMUcMd2010-09-24l0oM 822.3 Sh1 1969pM1404r2014-04-14 00:00:00w2014-04-14yBK